| Tag |
First Indicator |
Second Indicator |
Subfields |
| LEADER |
00000cam a2200000 i 4500 |
| 001 |
in00000307154 |
| 005 |
20151010143610.0 |
| 008 |
790215s1978 nyuaf 00110 eng d |
| 010 |
|
|
|a 78059109
|
| 020 |
|
|
|a 0684159112 :
|c 12.50
|
| 035 |
|
|
|a (OCoLC)04655479
|
| 035 |
|
|
|9 ABH5574AM
|
| 040 |
|
|
|a OCP
|c OCP
|d TXA
|d UtOrBLW
|
| 049 |
|
|
|a TXAM
|c [1556820]
|
| 090 |
|
|
|a QL751
|b .B7844 1978a
|
| 100 |
1 |
|
|a Burton, Maurice,
|d 1898-1992.
|
| 245 |
1 |
0 |
|a Just like an animal /
|c Maurice Burton.
|
| 264 |
|
1 |
|a New York :
|b Scribner,
|c 1978.
|
| 300 |
|
|
|a 215 pages, 12 unnumbered leaves of plates :
|b illustrations ;
|c 25 cm.
|
| 336 |
|
|
|a text
|b txt
|2 rdacontent
|
| 337 |
|
|
|a unmediated
|b n
|2 rdamedia
|
| 338 |
|
|
|a volume
|b nc
|2 rdacarrier
|
| 500 |
|
|
|a Includes index.
|
| 650 |
|
0 |
|a Animal behavior.
|
| 650 |
|
0 |
|a Altruistic behavior in animals.
|
| 999 |
|
|
|a MARS
|
| 999 |
f |
f |
|s 485649f8-e92a-3266-a750-9a74b2355b6d
|i b99a7391-ecdf-3c59-9d2f-cf4364a1ce79
|t 0
|
| 952 |
f |
f |
|p ric
|a Texas A&M University
|b Rellis Campus
|c Joint Library Facility
|d Remote Storage
|t 0
|e QL751 .B7844 1978a
|h Library of Congress classification
|i unmediated -- volume
|m A14804975864
|
| 998 |
f |
f |
|a QL751 .B7844 1978a
|t 0
|l Remote Storage
|